000 00508cam a2200169 4500500
005 20260405001956.0
041 _afre
042 _adc
100 1 0 _aPersonne, Thomas
_eauthor
245 0 0 _aOeuvres complètes
260 _c2015.
500 _a14
690 _aAthéisme
690 _aLucien de Samosate
786 0 _nPhilosophie magazine | 88 | 4 | 2015-04-01 | p. 67-67 | 1951-1787
856 4 1 _uhttps://shs.cairn.info/magazine-philosophie-magazine-2015-4-page-67?lang=fr&redirect-ssocas=7080
999 _c2052912
_d2052912